| 000 | 00457nam a2200145Ia 4500 | ||
|---|---|---|---|
| 008 | 190926s9999||||xx |||||||||||||| ||und|| | ||
| 020 | _a8170841520 | ||
| 082 |
_a242 _bBIS/C |
||
| 100 | _a Bist, B. S. | ||
| 245 | 0 | _aChanakya Niti Darpanah | |
| 250 | _a1 | ||
| 260 |
_aDelhi _bChaukhambha Sanskrit Pratishthan _c2001 |
||
| 300 | _a242 | ||
| 942 | _cBK | ||
| 999 |
_c10265 _d10265 |
||